| Tag |
First Indicator |
Second Indicator |
Subfields |
| LEADER |
00000cjm a22000005a 4500 |
| 001 |
in00001311607 |
| 005 |
20151005062403.0 |
| 007 |
sd fungnn|m|ed |
| 008 |
960216s1995 nyu n i N/A d |
| 028 |
0 |
0 |
|a A8B 24931
|
| 028 |
0 |
0 |
|a A8 24931
|
| 028 |
0 |
0 |
|a A 24937
|
| 035 |
|
|
|a (OCoLC)34204649
|
| 035 |
|
|
|9 AHB6914AM
|
| 040 |
|
|
|a BYU
|c BYU
|d TXA
|d UtOrBLW
|
| 049 |
|
|
|a TXAV
|
| 090 |
|
|
|a MT6.5
|b .N72 1995 v. 2, CD 6
|
| 245 |
0 |
4 |
|a The Norton recordings.
|n Vol. II, CD 6.
|
| 246 |
3 |
4 |
|a Enjoyment of music
|
| 246 |
3 |
4 |
|a Norton scores
|
| 246 |
3 |
4 |
|a Schubert to the present
|
| 250 |
|
|
|a 7th ed.
|
| 264 |
|
1 |
|a New York :
|b Sony Music Special Products,
|c 1995.
|
| 300 |
|
|
|a 1 sound disc :
|b digital ;
|c 4 3/4 in.
|
| 336 |
|
|
|a performed music
|b prm
|2 rdacontent
|
| 337 |
|
|
|a audio
|b s
|2 rdamedia
|
| 338 |
|
|
|a audio disc
|b sd
|2 rdacarrier
|
| 500 |
|
|
|a Compact disc.
|
| 536 |
|
|
|a Gift from Gilbert and Thyra Plass Record Collection, 1995.
|
| 500 |
|
|
|a Title on container for four-disc set: The Norton recordings : to accompany The Norton Scores and The Enjoyment of Music : volume II, Schubert to the present.
|
| 500 |
|
|
|a Contents on containers, compact discs, and in program notes
|
| 511 |
0 |
|
|a Various performers.
|
| 505 |
0 |
|
|a La traviata: Act II, finale / Verdi -- Scherzo, Op. 10 / C. Schumann -- Symphony No. 4: fourth movement / Brahms -- Carmen: Act I, excerpt / Bizet -- Pictures at an exhibition: Promenade ; The Hut on fowl's legs ; The great gate of Kiev / Musorgsky -- The Nutcracker: March ; Dance of the Sugar Plum Fairy ; Trepak / Tchaikovsky -- Symphony No. 9 in E minor, from the New World: second movement / Dvořák -- Pagliacci: Act I, Canio's aria / Leoncavallo -- The Song of the Earth: third movement / Mahler.
|
| 500 |
|
|
|a Sound recording.
|
| 650 |
|
0 |
|a Music
|y 19th century.
|
| 650 |
|
0 |
|a Music appreciation.
|
| 650 |
|
0 |
|a Vocal music.
|
| 650 |
|
0 |
|a Instrumental music.
|
| 999 |
|
|
|a MARS
|
| 999 |
f |
f |
|s 469a9a78-e630-3a02-bbc1-4616871533a5
|i e9b100bd-ff99-3346-9f11-d754ef855c96
|t 0
|
| 952 |
f |
f |
|p ric
|a Texas A&M University
|b Rellis Campus
|c Joint Library Facility
|d Remote Storage
|t 0
|e MT6.5 .N72 1995 v. 2, CD 6
|h Library of Congress classification
|i audio -- audio disc
|m A14820161289
|
| 998 |
f |
f |
|a MT6.5 .N72 1995 v. 2, CD 6
|t 0
|l Remote Storage
|